Library of health, (Record no. 39055)

MARC details
000 -LEADER
fixed length control field 00732cam a22002171 4500
001 - CONTROL NUMBER
control field med48001603
003 - CONTROL NUMBER IDENTIFIER
control field DLC
005 - DATE AND TIME OF LATEST TRANSACTION
control field 20260227111611.0
008 - FIXED-LENGTH DATA ELEMENTS--GENERAL INFORMATION
fixed length control field 810815s1948 xx ac 000 0 eng
010 ## - LIBRARY OF CONGRESS CONTROL NUMBER
LC control number med48001603
035 ## - SYSTEM CONTROL NUMBER
System control number (OCoLC)14645460
040 ## - CATALOGING SOURCE
Original cataloging agency DLC
Transcribing agency DNLM
Modifying agency OCoLC
-- DLC
042 ## - AUTHENTICATION CODE
Authentication code premarc
050 00 - LIBRARY OF CONGRESS CALL NUMBER
Classification number RC81
Item number .S33 1948
060 0# - NATIONAL LIBRARY OF MEDICINE CALL NUMBER
Classification number WB 120
Item number S368L 1948
100 1# - MAIN ENTRY--PERSONAL NAME
Personal name Scholl, B. Frank
Fuller form of name (Benjamin Franklin),
Dates associated with a name 1860-1933.
245 10 - TITLE STATEMENT
Title Library of health,
Remainder of title complete guide to prevention and cure of disease; containing practical information on anatomy, physiology and preventive medicine ...
250 ## - EDITION STATEMENT
Edition statement Rev. 1948 ed.
260 ## - PUBLICATION, DISTRIBUTION, ETC.
Place of publication, distribution, etc. Philadelphia,
Name of publisher, distributor, etc. Historical Pub. Co.
Date of publication, distribution, etc. [1948]
300 ## - PHYSICAL DESCRIPTION
Extent 1775 p.
Other physical details ill., ports.

No items available.

Powered by Koha